Das Bilderbuch : Ästhetik, Theorie, Analyse, Didaktik, Rezeption /

Saved in:
Bibliographic Details
Main Author: Thiele, Jens, 1944-
Other Authors: Doonan, Jane.
Format: Book
Language:German
Published: Oldenburg : Isensee, c2000.
Subjects:
Tags: Add Tag
No Tags, Be the first to tag this record!
LEADER 00866nam a2200265 a 4500
001 008496830-3
005 20041029123604.0
008 010126s2000 gw a b 000 0 ger
010 |a  2001349891 
016 7 |a 958482527  |2 GyFmDB 
020 |a 3895986682 (pbk.) 
035 0 |a ocm45796945 
040 |a DLC  |c DLC  |d OHX  |d BXM 
050 0 0 |a NC965.85  |b .T47 2000 
100 1 |a Thiele, Jens,  |d 1944- 
245 1 4 |a Das Bilderbuch :  |b Ästhetik, Theorie, Analyse, Didaktik, Rezeption /  |c Jens Thiele ; mit Beiträgen von Jane Doonan ... [et al.]. 
260 |a Oldenburg :  |b Isensee,  |c c2000. 
300 |a 221 p. :  |b ill. (some col.) ;  |c 22 x 23 cm. 
504 |a Includes bibliographical references (p. 207-218). 
650 0 |a Picture books for children. 
650 0 |a Illustrated children's books. 
700 1 |a Doonan, Jane. 
988 |a 20020608 
049 |a HLSS 
906 |0 DLC